| 000 | 01145 a2200193 4500 | ||
|---|---|---|---|
| 020 | _a0749424753 | ||
| 020 | _a9780749424756 | ||
| 090 |
_c1985 _d1985 |
||
| 100 | 1 | _aJolly, Adam. | |
| 245 | 1 | 4 |
_aThe growing business handbook / _cAdam Jolly. |
| 260 |
_a[S.l.] : _bKogan Page Ltd, _c1997. |
||
| 300 | _a288 p. | ||
| 500 | _aPaperback. | ||
| 520 | _aIf the current economic upturn is to be maintained the UK has to address the needs of its growing businesses. In turn the businesses themselves need to learn to exploit the new economic climate. This handbook represents a range of practical strategies for managing growth, focusing on how companies can fulfill their potential by adopting appropriate funding, adapting their structure and ownership, as well as developing world class management capabilities. Published in association with KPMG and The Confederation of British Industry. | ||
| 700 | 1 | _aWilsher, Richard. | |
| 856 | 4 | 0 |
_3Amazon.com _uhttp://www.amazon.com/exec/obidos/ASIN/0749424753/chopaconline-20 |
| 856 | 4 | 0 |
_3Amazon customer reviews _uhttp://www.chopac.org/cgi-bin/tools/azrev.pl?q=0749424753 |
| 942 |
_aNBS _cBK _k650.2 GRO |
||
| 999 |
_c344488 _d344488 |
||